01468nam a2200337 a 4500001001000000003000500010005001700015008004100032010001100073011001100084040000900095090001000104100003200114245019300146260004100339500006000380502009500440590004100535590004000576590004000616650002800656650002900684650002900713856007000742901000700812942001000819942000600829999001900835952014000854952013600994000111652CHAP20220329144223.0150624s2015 mx a fsm |||||||spa d a108113 a109085 cCHAP aTesis1 aLugo Espinosa, Gema912958010aTurismo alternativo :h[En línea]bimplicaciones económicas, sociales y ambientales, el caso del Valle de Piedras Encimadas de Camotepec, Zacatlán, Puebla. /cpor Gema Lugo Espinosa. aChapingo, Méx. :bEl autor,c2015. aPara ver el contenido del material haga clic en la liga aTesis (Ph.D. en Ciencias en Ciencias Agrarias) -- UACH. Departamento de Sociología Rural aE11695DGDb10c20150713lUCH01h1310 aE5995AHEb05c20150624lUCH01h1100 aE5995AHEb05c20150624lUCH01h110014aAreas recreativas9688214aDesarrollo rural.93206714aTurismoxPuebla.9115612 aFinding aiduhttp://10.13.5.2/tesis/sist111652.pdfzTeclea aquí aBK cTESIS n0 c108113d108113 00102local4053708TESISaBCbBCcPA_TESISd2015-06-24fTESISl0oTesisp33724002503553r2019-12-31 00:00:00tc.2w2019-12-31yTESIS 00104054718TESISaBCbBCd2015-06-24fTESISl0oTesisp33724002503595r2019-12-31 00:00:00w2019-12-31yTESISzRecien adquirido